[Event "8e Open de Porticcio"]
[Site "?"]
[Date "2023.07.02"]
[Round "2.2"]
[White "Kukelko, Alexey"]
[Black "Krasenkow, Michal"]
[Result "0-1"]
[BlackElo "2524"]
[WhiteElo "2311"]
[LiveChessVersion "1.4.6"]

1. e4 {[%clk 1:29:31]} g6 {[%clk 1:30:49]} 2. d4 {[%clk 1:28:18]} Bg7
{[%clk 1:31:13]} 3. Nc3 {[%clk 1:27:04]} c6 {[%clk 1:31:37]} 4. Nf3
{[%clk 1:24:48]} d6 {[%clk 1:31:39]} 5. a4 {[%clk 1:23:25]} Nf6 {[%clk 1:31:29]}
6. Be2 {[%clk 1:21:22]} Bg4 {[%clk 1:31:13]} 7. O-O {[%clk 1:18:18]} O-O
{[%clk 1:31:11]} 8. Be3 {[%clk 1:14:59]} d5 {[%clk 1:30:23]} 9. h3
{[%clk 1:08:57]} Bxf3 {[%clk 1:24:44]} 10. Bxf3 {[%clk 1:09:08]} Na6
{[%clk 1:22:59]} 11. a5 {[%clk 1:04:49]} Nc7 {[%clk 1:22:34]} 12. Re1
{[%clk 0:54:28]} a6 {[%clk 1:09:22]} 13. exd5 {[%clk 0:48:02]} Nfxd5
{[%clk 1:08:22]} 14. Nxd5 {[%clk 0:42:45]} cxd5 {[%clk 1:08:45]} 15. Bg5
{[%clk 0:39:29]} Ne6 {[%clk 1:04:25]} 16. Be3 {[%clk 0:38:47]} Qd7
{[%clk 0:57:23]} 17. c3 {[%clk 0:33:31]} Nc7 {[%clk 0:57:27]} 18. h4
{[%clk 0:29:00]} Nb5 {[%clk 0:53:50]} 19. h5 {[%clk 0:27:06]} e6 {[%clk 0:42:36]}
20. hxg6 {[%clk 0:19:26]} hxg6 {[%clk 0:43:01]} 21. Be2 {[%clk 0:18:05]} Nd6
{[%clk 0:42:13]} 22. Qb3 {[%clk 0:14:47]} Rfc8 {[%clk 0:40:16]} 23. Ra4
{[%clk 0:14:21]} Bf8 {[%clk 0:39:19]} 24. g3 {[%clk 0:12:55]} Nf5
{[%clk 0:37:19]} 25. Bf4 {[%clk 0:12:12]} Bd6 {[%clk 0:35:52]} 26. Bg5
{[%clk 0:11:27]} Kg7 {[%clk 0:34:20]} 27. Raa1 {[%clk 0:02:24]} Rh8
{[%clk 0:33:19]} 28. Qc2 {[%clk 0:02:05]} Qc7 {[%clk 0:17:11]} 29. Qd3
{[%clk 0:01:42]} Nxg3 {[%clk 0:16:02]} 30. fxg3 {[%clk 0:01:32]} Rh3
{[%clk 0:16:31]} 31. Qd2 {[%clk 0:00:57]} Bxg3 {[%clk 0:14:47]} 32. Bg4
{[%clk 0:00:32]} Bxe1 {[%clk 0:14:48]} 33. Qxe1 {[%clk 0:00:31]} Rg3+
{[%clk 0:14:12]} 0-1

[Event "8e Open de Porticcio"]
[Site "?"]
[Date "2023.07.02"]
[Round "2.3"]
[White "Can, Isik"]
[Black "Kunal, M."]
[Result "1-0"]
[BlackElo "2301"]
[WhiteElo "2512"]
[LiveChessVersion "1.4.6"]

1. e4 {[%clk 1:25:50]} e5 {[%clk 1:27:08]} 2. Nf3 {[%clk 1:26:01]} Nc6
{[%clk 1:27:19]} 3. Bb5 {[%clk 1:26:26]} a6 {[%clk 1:25:32]} 4. Bxc6
{[%clk 1:26:44]} dxc6 {[%clk 1:25:51]} 5. O-O {[%clk 1:27:10]} Bg4
{[%clk 1:17:41]} 6. h3 {[%clk 1:27:31]} Bxf3 {[%clk 1:11:44]} 7. Qxf3
{[%clk 1:25:44]} Qd7 {[%clk 1:10:49]} 8. d3 {[%clk 1:25:39]} Bd6 {[%clk 1:10:10]}
9. Nd2 {[%clk 1:09:41]} Ne7 {[%clk 1:10:25]} 10. Nc4 {[%clk 1:08:09]} O-O
{[%clk 1:04:49]} 11. g4 {[%clk 0:55:27]} f6 {[%clk 0:49:28]} 12. h4
{[%clk 0:48:40]} Ng6 {[%clk 0:37:36]} 13. h5 {[%clk 0:39:06]} Nf4
{[%clk 0:37:57]} 14. Bxf4 {[%clk 0:38:38]} exf4 {[%clk 0:38:18]} 15. d4
{[%clk 0:38:00]} b5 {[%clk 0:29:07]} 16. Nd2 {[%clk 0:34:07]} Rfe8
{[%clk 0:29:21]} 17. Rfe1 {[%clk 0:31:26]} a5 {[%clk 0:25:09]} 18. Re2
{[%clk 0:19:21]} c5 {[%clk 0:21:31]} 19. dxc5 {[%clk 0:16:51]} Be5
{[%clk 0:21:53]} 20. c3 {[%clk 0:14:56]} a4 {[%clk 0:21:51]} 21. a3
{[%clk 0:12:42]} g5 {[%clk 0:13:21]} 22. hxg6 {[%clk 0:10:43]} hxg6
{[%clk 0:13:45]} 23. Nf1 {[%clk 0:11:11]} Rad8 {[%clk 0:07:05]} 24. Rd2
{[%clk 0:09:11]} Qe7 {[%clk 0:07:30]} 25. Rxd8 {[%clk 0:05:59]} Rxd8
{[%clk 0:07:55]} 26. Rd1 {[%clk 0:06:27]} Rxd1 {[%clk 0:07:26]} 27. Qxd1
{[%clk 0:06:56]} c6 {[%clk 0:07:47]} 28. Nh2 {[%clk 0:06:37]} Qe6
{[%clk 0:05:17]} 29. g5 {[%clk 0:03:41]} f3 {[%clk 0:01:44]} 30. Nxf3
{[%clk 0:02:12]} Qg4+ {[%clk 0:02:07]} 31. Kf1 {[%clk 0:02:40]} Qxe4
{[%clk 0:02:29]} 32. Qd8+ {[%clk 0:01:52]} Kf7 {[%clk 0:01:31]} 33. Qd7+
{[%clk 0:00:48]} Kf8 {[%clk 0:01:55]} 34. Qc8+ {[%clk 0:00:34]} Ke7
{[%clk 0:01:39]} 35. gxf6+ {[%clk 0:00:45]} Bxf6 {[%clk 0:02:02]} 36. Qc7+
{[%clk 0:01:00]} Ke6 {[%clk 0:01:32]} 37. Qd6+ {[%clk 0:00:55]} Kf5
{[%clk 0:00:42]} 38. Nd2 {[%clk 0:00:50]} Qc2 {[%clk 0:00:32]} 39. Qd7+
{[%clk 0:00:43]} Kg5 {[%clk 0:00:33]} 40. Nf3+ {[%clk 0:00:45]} Kh6
{[%clk 0:00:34]} 41. Qxc6 {[%clk 0:01:00]} Kg7 {[%clk 0:00:54]} 42. Qd7+
{[%clk 0:01:19]} Kh6 {[%clk 0:01:19]} 43. c6 {[%clk 0:01:29]} 1-0

[Event "8e Open de Porticcio"]
[Site "?"]
[Date "2023.07.02"]
[Round "2.4"]
[White "Durak, Can"]
[Black "Degraeve, Remy"]
[Result "1/2-1/2"]
[BlackElo "2467"]
[WhiteElo "2310"]
[LiveChessVersion "1.4.6"]

1. Nf3 {[%clk 1:30:50]} d5 {[%clk 1:30:23]} 2. g3 {[%clk 1:30:50]} c5
{[%clk 1:30:41]} 3. Bg2 {[%clk 1:30:52]} Nc6 {[%clk 1:31:07]} 4. d4
{[%clk 1:30:00]} e6 {[%clk 1:31:30]} 5. O-O {[%clk 1:29:11]} cxd4
{[%clk 1:31:56]} 6. Nxd4 {[%clk 1:28:18]} Bc5 {[%clk 1:32:23]} 7. Nb3
{[%clk 1:24:04]} Bb6 {[%clk 1:32:28]} 8. c4 {[%clk 1:17:25]} Nge7
{[%clk 1:32:25]} 9. cxd5 {[%clk 1:15:35]} exd5 {[%clk 1:32:50]} 10. Nc3
{[%clk 1:13:50]} O-O {[%clk 1:33:15]} 11. Na4 {[%clk 1:09:37]} d4
{[%clk 1:33:30]} 12. Qd3 {[%clk 0:58:19]} Bf5 {[%clk 1:28:46]} 13. Qb5
{[%clk 0:55:39]} d3 {[%clk 1:17:54]} 14. Nxb6 {[%clk 0:50:14]} dxe2
{[%clk 1:08:04]} 15. Qxe2 {[%clk 0:50:30]} Bd3 {[%clk 1:07:14]} 16. Qd2
{[%clk 0:50:27]} Bxf1 {[%clk 0:58:29]} 17. Nxa8 {[%clk 0:50:44]} Bxg2
{[%clk 0:58:39]} 18. Qxd8 {[%clk 0:50:59]} Rxd8 {[%clk 0:59:07]} 19. Kxg2
{[%clk 0:51:18]} Rxa8 {[%clk 0:59:35]} 20. Bd2 {[%clk 0:50:19]} Rd8
{[%clk 0:59:44]} 21. Rc1 {[%clk 0:50:19]} f6 {[%clk 0:58:37]} 22. Be1
{[%clk 0:50:05]} Kf7 {[%clk 0:58:09]} 23. Na5 {[%clk 0:49:43]} Rd7
{[%clk 0:47:43]} 24. Nxc6 {[%clk 0:49:53]} Nxc6 {[%clk 0:48:11]} 25. Bc3
{[%clk 0:49:39]} Rd3 {[%clk 0:48:32]} 26. Kf1 {[%clk 0:49:32]} Ke6
{[%clk 0:48:37]} 27. Ke2 {[%clk 0:49:48]} Rd5 {[%clk 0:47:20]} 28. Kf3
{[%clk 0:49:12]} Rf5+ {[%clk 0:41:43]} 29. Ke2 {[%clk 0:49:10]} Rc5
{[%clk 0:41:31]} 30. Re1 {[%clk 0:48:41]} b5 {[%clk 0:36:47]} 31. Kf3+
{[%clk 0:46:27]} Kd7 {[%clk 0:35:41]} 32. Re4 {[%clk 0:43:44]} a5
{[%clk 0:31:03]} 33. a3 {[%clk 0:43:28]} a4 {[%clk 0:30:38]} 34. Ke3
{[%clk 0:41:22]} h5 {[%clk 0:22:35]} 35. h4 {[%clk 0:38:17]} Rd5 {[%clk 0:20:45]}
36. Ke2 {[%clk 0:33:49]} Ne7 {[%clk 0:20:04]} 37. Bb4 {[%clk 0:27:15]} Nf5
{[%clk 0:20:25]} 38. Bc3 {[%clk 0:26:56]} Rc5 {[%clk 0:14:32]} 39. Kd3
{[%clk 0:26:12]} Rd5+ {[%clk 0:10:07]} 40. Kc2 {[%clk 0:25:52]} Nd6
{[%clk 0:10:29]} 41. Rf4 {[%clk 0:23:45]} Rf5 {[%clk 0:09:55]} 42. Rxf5
{[%clk 0:23:43]} Nxf5 {[%clk 0:10:22]} 43. Kd3 {[%clk 0:23:34]} Ke6
{[%clk 0:07:42]} 44. Ke4 {[%clk 0:21:00]} g5 {[%clk 0:06:21]} 45. hxg5
{[%clk 0:21:01]} fxg5 {[%clk 0:06:49]} 46. Bb4 {[%clk 0:17:29]} Nh6
{[%clk 0:03:23]} 47. Ba5 {[%clk 0:09:16]} Ng4 {[%clk 0:02:39]} 48. f3
{[%clk 0:08:56]} Nf6+ {[%clk 0:01:37]} 49. Kd4 {[%clk 0:08:46]} Nd7
{[%clk 0:02:00]} 50. Bd8 {[%clk 0:08:55]} Kf5 {[%clk 0:00:45]} 51. g4+
{[%clk 0:03:14]} hxg4 {[%clk 0:01:02]} 52. fxg4+ {[%clk 0:03:43]} Kxg4
{[%clk 0:01:25]} 53. Kd5 {[%clk 0:03:57]} Kf5 {[%clk 0:01:40]} 54. Bxg5
{[%clk 0:03:56]} Kxg5 {[%clk 0:02:04]} 55. Kc6 {[%clk 0:04:21]} Ne5+
{[%clk 0:02:29]} 56. Kxb5 {[%clk 0:04:46]} Nd3 {[%clk 0:02:53]} 57. Kxa4
{[%clk 0:05:12]} Nxb2+ {[%clk 0:03:20]} 58. Kb5 {[%clk 0:04:45]} Kf6
{[%clk 0:03:47]} 59. a4 {[%clk 0:05:10]} Nxa4 {[%clk 0:04:15]} 1/2-1/2

[Event "8e Open de Porticcio"]
[Site "?"]
[Date "2023.07.02"]
[Round "2.5"]
[White "Rakotomaharo, Fy Antenaina"]
[Black "Roux, Baptiste"]
[Result "1-0"]
[BlackElo "2288"]
[WhiteElo "2463"]
[LiveChessVersion "1.4.6"]

1. e4 c5 2. Nf3 e6 3. d4 cxd4 4. Nxd4 Nf6 5. Nc3 Nc6 6. Qd3 Qc7 7. Ndb5 Qb8 8.
Qg3 d6 9. Be3 a6 10. Nd4 e5 11. Nb3 b5 12. O-O-O Be6 13. f4 exf4 14. Bxf4 Nh5 15.
Qf3 Nxf4 16. Qxf4 Be7 17. Be2 O-O 18. Rhf1 Ne5 19. Kb1 Qc7 20. Nd5 Bxd5 21. Rxd5
Rfe8 22. Nd4 Bf8 23. Nf5 Rac8 24. Ne3 Re6 25. Rd2 Rf6 26. Qg3 Rxf1+ 27. Bxf1 Qa5
28. Qe1 Rc5 29. Nd5 Qd8 30. Qg3 g6 31. Qf4 Bg7 32. c3 h6 33. g3 Kh8 34. Be2 a5
35. a3 Qe8 36. Rd1 Qe6 37. g4 Kh7 38. Rf1 Kg8 39. h4 Nc4 40. Bd3 Ne5 41. Rd1 Nxd3
42. Rxd3 Rc4 43. g5 Rxe4 44. Qf3 Rxh4 45. gxh6 Bxh6 46. Nf6+ Kh8 47. Qa8+ Kg7 48.
Rxd6 Qe1+ 49. Ka2 Bf4 50. Qg8+ Kh6 51. Rd5 Be5 52. Qf8+ Kg5 53. Qe7 Kf4 54. Qxf7
Kg3 55. Qxg6+ Kf3 56. Qf5+ Bf4 57. Rd3+ Kg2 58. Qxb5 Qf1 59. Qd5+ Kh2 60. Ng4+
1-0

[Event "8e Open de Porticcio"]
[Site "?"]
[Date "2023.07.02"]
[Round "2.6"]
[White "Nevednichy, Vladislav"]
[Black "Cappelletto, Joshuaede"]
[Result "1/2-1/2"]
[BlackElo "2286"]
[WhiteElo "2453"]
[LiveChessVersion "1.4.6"]

1. e4 {[%clk 1:29:32]} c5 {[%clk 1:29:00]} 2. Nf3 {[%clk 1:29:58]} d6
{[%clk 1:29:24]} 3. d4 {[%clk 1:29:14]} cxd4 {[%clk 1:29:28]} 4. Nxd4
{[%clk 1:29:40]} Nf6 {[%clk 1:29:54]} 5. Nc3 {[%clk 1:30:06]} a6 {[%clk 1:30:21]}
6. h3 {[%clk 1:27:12]} e5 {[%clk 1:30:36]} 7. Nde2 {[%clk 1:27:29]} h5
{[%clk 1:30:44]} 8. g3 {[%clk 1:27:39]} Be7 {[%clk 1:30:41]} 9. Bg2
{[%clk 1:28:02]} b5 {[%clk 1:30:58]} 10. O-O {[%clk 1:25:34]} Nbd7
{[%clk 1:27:09]} 11. a4 {[%clk 1:20:19]} b4 {[%clk 1:25:05]} 12. Nd5
{[%clk 1:20:11]} Nxd5 {[%clk 1:25:07]} 13. exd5 {[%clk 1:17:14]} O-O
{[%clk 1:23:41]} 14. a5 {[%clk 1:12:23]} Rb8 {[%clk 1:16:06]} 15. Bd2
{[%clk 1:06:35]} Nc5 {[%clk 1:10:00]} 16. Nc1 {[%clk 1:03:52]} Bf5
{[%clk 1:07:59]} 17. Be3 {[%clk 0:55:33]} Rb5 {[%clk 1:03:39]} 18. Nb3
{[%clk 0:51:14]} Ne4 {[%clk 0:57:48]} 19. Qxh5 {[%clk 0:49:49]} Qc8
{[%clk 0:56:09]} 20. Qe2 {[%clk 0:36:34]} Nf6 {[%clk 0:54:03]} 21. g4
{[%clk 0:36:05]} Qxc2 {[%clk 0:51:57]} 22. Qxc2 {[%clk 0:33:02]} Bxc2
{[%clk 0:52:21]} 23. Nd2 {[%clk 0:33:30]} Nxd5 {[%clk 0:51:08]} 24. Nc4
{[%clk 0:31:48]} Bd3 {[%clk 0:46:33]} 25. Rfc1 {[%clk 0:32:09]} Rc8
{[%clk 0:38:09]} 26. Bxd5 {[%clk 0:28:55]} Rxd5 {[%clk 0:38:17]} 27. Nb6
{[%clk 0:29:22]} Rxc1+ {[%clk 0:38:40]} 28. Rxc1 {[%clk 0:21:31]} Rxa5
{[%clk 0:38:48]} 29. Rc7 {[%clk 0:14:30]} Bh4 {[%clk 0:37:34]} 30. Rc8+
{[%clk 0:11:41]} Kh7 {[%clk 0:37:59]} 31. Nd7 {[%clk 0:12:09]} Kg6
{[%clk 0:36:16]} 32. Nf8+ {[%clk 0:06:13]} Kf6 {[%clk 0:36:37]} 33. Bb6
{[%clk 0:05:18]} Ra1+ {[%clk 0:35:49]} 34. Kg2 {[%clk 0:05:44]} g5
{[%clk 0:34:58]} 35. Bd8+ {[%clk 0:06:00]} Kg7 {[%clk 0:35:22]} 36. Nd7
{[%clk 0:06:23]} Rf1 {[%clk 0:18:02]} 37. Bf6+ {[%clk 0:06:28]} Kg6
{[%clk 0:17:49]} 38. Rg8+ {[%clk 0:06:51]} Kh7 {[%clk 0:18:15]} 39. Rh8+
{[%clk 0:07:11]} Kg6 {[%clk 0:18:40]} 40. Rg8+ {[%clk 0:07:30]} Kh7
{[%clk 0:19:04]} 1/2-1/2

[Event "8e Open de Porticcio"]
[Site "?"]
[Date "2023.07.02"]
[Round "2.7"]
[White "Tomasi, Albert"]
[Black "Razafindratsima, Timothe"]
[Result "0-1"]
[BlackElo "2446"]
[WhiteElo "2291"]
[LiveChessVersion "1.4.6"]

1. e4 {[%clk 1:28:41]} c5 {[%clk 1:30:47]} 2. Nf3 {[%clk 1:28:58]} d6
{[%clk 1:31:09]} 3. d4 {[%clk 1:29:20]} cxd4 {[%clk 1:31:33]} 4. Nxd4
{[%clk 1:29:44]} Nf6 {[%clk 1:31:54]} 5. Nc3 {[%clk 1:30:08]} a6 {[%clk 1:32:19]}
6. g3 {[%clk 1:30:31]} e5 {[%clk 1:32:42]} 7. Nde2 {[%clk 1:30:55]} Be7
{[%clk 1:32:59]} 8. Bg2 {[%clk 1:31:19]} b5 {[%clk 1:33:14]} 9. Nd5
{[%clk 1:26:41]} Nbd7 {[%clk 1:33:28]} 10. Nec3 {[%clk 1:25:59]} Nb6
{[%clk 1:33:51]} 11. Nxf6+ {[%clk 1:13:09]} Bxf6 {[%clk 1:34:09]} 12. O-O
{[%clk 1:13:15]} O-O {[%clk 1:32:00]} 13. b3 {[%clk 1:12:48]} Be6
{[%clk 1:32:14]} 14. Qd3 {[%clk 1:11:17]} Qc7 {[%clk 1:32:09]} 15. Be3
{[%clk 1:09:10]} Rac8 {[%clk 1:23:22]} 16. Nd5 {[%clk 1:09:13]} Nxd5
{[%clk 1:22:16]} 17. exd5 {[%clk 1:09:36]} Bd7 {[%clk 1:22:40]} 18. Rfc1
{[%clk 0:54:25]} Qd8 {[%clk 0:43:36]} 19. Qd2 {[%clk 0:46:02]} e4
{[%clk 0:40:21]} 20. c3 {[%clk 0:45:18]} Re8 {[%clk 0:39:55]} 21. Rab1
{[%clk 0:44:55]} Qa5 {[%clk 0:34:19]} 22. c4 {[%clk 0:43:27]} b4 {[%clk 0:33:46]}
23. Rc2 {[%clk 0:40:38]} Bc3 {[%clk 0:27:24]} 24. Qc1 {[%clk 0:37:02]} Qd8
{[%clk 0:23:38]} 25. Rxc3 {[%clk 0:36:20]} bxc3 {[%clk 0:24:07]} 26. Qxc3
{[%clk 0:36:41]} Bg4 {[%clk 0:24:35]} 27. Bd4 {[%clk 0:35:13]} Qg5
{[%clk 0:24:12]} 28. h3 {[%clk 0:35:03]} Bf3 {[%clk 0:20:42]} 29. Bxf3
{[%clk 0:34:03]} exf3 {[%clk 0:21:10]} 30. Qxf3 {[%clk 0:34:15]} Qg6
{[%clk 0:18:52]} 31. Rc1 {[%clk 0:29:35]} Qh6 {[%clk 0:16:42]} 32. Qc3
{[%clk 0:29:11]} Qxh3 {[%clk 0:11:36]} 33. Bxg7 {[%clk 0:28:49]} Re4
{[%clk 0:12:00]} 34. Qf3 {[%clk 0:25:41]} f5 {[%clk 0:04:41]} 35. Bb2
{[%clk 0:23:57]} Rce8 {[%clk 0:03:35]} 36. Qc3 {[%clk 0:24:10]} Qh6
{[%clk 0:02:40]} 37. Kg2 {[%clk 0:23:21]} R4e5 {[%clk 0:03:05]} 38. Rh1
{[%clk 0:17:17]} Qg6 {[%clk 0:03:31]} 39. Bc1 {[%clk 0:15:03]} Re2
{[%clk 0:02:55]} 40. Rh4 {[%clk 0:09:44]} R8e4 {[%clk 0:02:03]} 41. Bf4
{[%clk 0:09:09]} Rxa2 {[%clk 0:02:02]} 42. Qf3 {[%clk 0:08:34]} Qf6
{[%clk 0:01:02]} 43. Rh6 {[%clk 0:05:24]} Qd4 {[%clk 0:01:29]} 44. Re6
{[%clk 0:03:32]} Rxe6 {[%clk 0:01:24]} 45. dxe6 {[%clk 0:03:58]} Qe4
{[%clk 0:01:51]} 46. Bxd6 {[%clk 0:02:04]} Qxe6 {[%clk 0:02:20]} 47. c5
{[%clk 0:00:42]} Qe4 {[%clk 0:02:45]} 48. c6 {[%clk 0:00:50]} Kf7
{[%clk 0:02:39]} 49. Bf4 {[%clk 0:00:34]} Ke6 {[%clk 0:02:32]} 50. c7
{[%clk 0:00:33]} Kd7 {[%clk 0:02:58]} 51. Qxe4 {[%clk 0:00:33]} fxe4
{[%clk 0:03:23]} 52. Kf1 {[%clk 0:00:31]} Rb2 {[%clk 0:03:40]} 53. Ke1
{[%clk 0:00:36]} Rxb3 {[%clk 0:04:04]} 54. Kd2 {[%clk 0:01:00]} a5
{[%clk 0:04:27]} 55. Kc2 {[%clk 0:01:08]} a4 {[%clk 0:04:53]} 56. g4
{[%clk 0:00:55]} Rb5 {[%clk 0:04:40]} 57. Bd6 {[%clk 0:00:57]} Rb6
{[%clk 0:05:05]} 0-1

[Event "8e Open de Porticcio"]
[Site "?"]
[Date "2023.07.02"]
[Round "2.8"]
[White "Senthil Maran K"]
[Black "Makkar, Rajat"]
[Result "0-1"]
[BlackElo "2419"]
[WhiteElo "2287"]
[LiveChessVersion "1.4.6"]

1. c4 {[%clk 1:08:17]} e6 {[%clk 1:30:42]} 2. Nf3 {[%clk 1:07:59]} d5
{[%clk 1:30:51]} 3. d4 {[%clk 1:08:15]} Nf6 {[%clk 1:31:06]} 4. g3
{[%clk 1:08:35]} Bb4+ {[%clk 1:31:25]} 5. Bd2 {[%clk 1:08:54]} Be7
{[%clk 1:31:51]} 6. Bg2 {[%clk 1:09:02]} O-O {[%clk 1:32:09]} 7. O-O
{[%clk 1:09:28]} Nbd7 {[%clk 1:32:34]} 8. Bc3 {[%clk 1:04:07]} Ne4
{[%clk 1:29:52]} 9. Nfd2 {[%clk 1:03:25]} f5 {[%clk 1:25:52]} 10. Nxe4
{[%clk 1:00:07]} fxe4 {[%clk 1:25:45]} 11. f3 {[%clk 0:56:20]} dxc4
{[%clk 1:20:01]} 12. Nd2 {[%clk 0:54:59]} b5 {[%clk 1:17:21]} 13. Nxe4
{[%clk 0:52:28]} Bb7 {[%clk 1:08:49]} 14. f4 {[%clk 0:50:13]} Rb8
{[%clk 1:05:06]} 15. a3 {[%clk 0:47:43]} c5 {[%clk 1:03:40]} 16. dxc5
{[%clk 0:41:37]} Bxc5+ {[%clk 0:55:22]} 17. Nxc5 {[%clk 0:39:18]} Nxc5
{[%clk 0:55:39]} 18. Qxd8 {[%clk 0:37:36]} Rfxd8 {[%clk 0:56:01]} 19. Rad1
{[%clk 0:37:04]} Bxg2 {[%clk 0:52:06]} 20. Kxg2 {[%clk 0:37:20]} Rd5
{[%clk 0:51:29]} 21. Rxd5 {[%clk 0:13:36]} exd5 {[%clk 0:51:54]} 22. Bd4
{[%clk 0:12:14]} Nb3 {[%clk 0:42:06]} 23. Bxa7 {[%clk 0:07:12]} Rb7
{[%clk 0:42:28]} 24. Be3 {[%clk 0:05:54]} d4 {[%clk 0:36:43]} 25. Bc1
{[%clk 0:05:49]} c3 {[%clk 0:34:39]} 26. bxc3 {[%clk 0:06:09]} dxc3
{[%clk 0:35:04]} 27. Kf2 {[%clk 0:05:21]} b4 {[%clk 0:33:11]} 28. axb4
{[%clk 0:05:30]} Rxb4 {[%clk 0:33:33]} 29. e3 {[%clk 0:04:44]} Ra4
{[%clk 0:33:46]} 30. Ke2 {[%clk 0:03:32]} Ra1 {[%clk 0:33:28]} 31. Kd3
{[%clk 0:03:57]} Rxc1 {[%clk 0:33:44]} 32. Rxc1 {[%clk 0:04:21]} Nxc1+
{[%clk 0:34:11]} 33. Kxc3 {[%clk 0:04:47]} h5 {[%clk 0:30:14]} 34. Kc2
{[%clk 0:04:33]} Ne2 {[%clk 0:29:39]} 35. Kd2 {[%clk 0:04:25]} Ng1
{[%clk 0:29:58]} 36. e4 {[%clk 0:01:55]} Nf3+ {[%clk 0:28:37]} 37. Ke3
{[%clk 0:02:19]} Nxh2 {[%clk 0:28:28]} 38. f5 {[%clk 0:02:42]} g5
{[%clk 0:20:07]} 39. fxg6 {[%clk 0:02:51]} Kg7 {[%clk 0:20:33]} 40. Kf4
{[%clk 0:02:25]} Kxg6 {[%clk 0:20:58]} 41. e5 {[%clk 0:02:05]} Ng4
{[%clk 0:21:11]} 42. e6 {[%clk 0:02:03]} Nf6 {[%clk 0:21:25]} 43. Ke5
{[%clk 0:00:47]} Ng8 {[%clk 0:21:32]} 44. Kf4 {[%clk 0:00:45]} Ne7
{[%clk 0:21:34]} 45. Ke5 {[%clk 0:00:32]} Kg5 {[%clk 0:21:45]} 46. Kd4 0-1

[Event "8e Open de Porticcio"]
[Site "?"]
[Date "2023.07.04"]
[Round "3.1"]
[White "Krasenkow, Michal"]
[Black "Bulmaga, Irina"]
[Result "1-0"]
[BlackElo "2416"]
[WhiteElo "2524"]
[LiveChessVersion "1.4.6"]

1. d4 {[%clk 1:30:57]} Nf6 {[%clk 1:30:53]} 2. c4 {[%clk 1:31:24]} e6
{[%clk 1:31:12]} 3. Nf3 {[%clk 1:31:51]} d5 {[%clk 1:31:36]} 4. Nc3
{[%clk 1:32:17]} Be7 {[%clk 1:31:58]} 5. Bg5 {[%clk 1:32:06]} O-O
{[%clk 1:32:09]} 6. cxd5 {[%clk 1:31:56]} Nxd5 {[%clk 1:31:36]} 7. Bxe7
{[%clk 1:32:02]} Qxe7 {[%clk 1:31:37]} 8. Qb3 {[%clk 1:30:37]} c5
{[%clk 1:26:32]} 9. Nxd5 {[%clk 1:27:13]} exd5 {[%clk 1:26:55]} 10. Qa3
{[%clk 1:27:39]} b6 {[%clk 1:24:56]} 11. Rc1 {[%clk 1:27:55]} Be6
{[%clk 1:22:56]} 12. g3 {[%clk 1:24:43]} a5 {[%clk 1:13:51]} 13. Bg2
{[%clk 1:24:14]} Na6 {[%clk 1:13:10]} 14. dxc5 {[%clk 1:11:59]} bxc5
{[%clk 1:10:06]} 15. Nd4 {[%clk 1:10:32]} Rfe8 {[%clk 0:58:27]} 16. Nxe6
{[%clk 1:10:25]} fxe6 {[%clk 0:45:09]} 17. O-O {[%clk 1:09:03]} Reb8
{[%clk 0:37:09]} 18. e4 {[%clk 1:07:25]} d4 {[%clk 0:36:48]} 19. e5
{[%clk 1:06:21]} Ra7 {[%clk 0:37:07]} 20. f4 {[%clk 1:06:21]} Nb4
{[%clk 0:36:40]} 21. Qb3 {[%clk 1:02:42]} Na6 {[%clk 0:33:26]} 22. Qc2
{[%clk 1:00:44]} Rd8 {[%clk 0:27:29]} 23. Be4 {[%clk 0:52:46]} g6
{[%clk 0:25:57]} 24. a3 {[%clk 0:52:59]} Kg7 {[%clk 0:25:02]} 25. h4
{[%clk 0:51:57]} Rc7 {[%clk 0:19:40]} 26. Qa4 {[%clk 0:49:35]} c4
{[%clk 0:16:50]} 27. Qxa5 {[%clk 0:48:42]} Nb8 {[%clk 0:15:53]} 28. Rfd1
{[%clk 0:46:48]} d3 {[%clk 0:11:47]} 29. Qb6 {[%clk 0:35:58]} Rdc8
{[%clk 0:07:30]} 30. b3 {[%clk 0:35:48]} cxb3 {[%clk 0:01:12]} 31. Rxc7
{[%clk 0:34:46]} Qxc7 {[%clk 0:01:22]} 32. Qxb3 {[%clk 0:34:53]} Qa7+
{[%clk 0:00:41]} 33. Kh1 {[%clk 0:35:01]} Rc2 {[%clk 0:00:38]} 34. Rxd3
{[%clk 0:32:08]} Rc1+ {[%clk 0:00:47]} 35. Kh2 {[%clk 0:32:15]} Qf2+
{[%clk 0:00:35]} 36. Kh3 {[%clk 0:30:31]} Rg1 {[%clk 0:00:57]} 37. Qb7+
{[%clk 0:28:33]} Kh6 {[%clk 0:01:12]} 38. Qxb8 {[%clk 0:28:34]} Qf1+
{[%clk 0:01:09]} 39. Kg4 {[%clk 0:28:50]} Qe2+ {[%clk 0:01:08]} 40. Bf3
{[%clk 0:29:07]} 1-0

[Event "8e Open de Porticcio"]
[Site "?"]
[Date "2023.07.04"]
[Round "3.2"]
[White "Lamaze, Simon"]
[Black "Can, Isik"]
[Result "1/2-1/2"]
[BlackElo "2512"]
[WhiteElo "2388"]
[LiveChessVersion "1.4.6"]

1. e4 {[%clk 1:30:52]} e5 {[%clk 1:30:54]} 2. Nf3 {[%clk 1:30:41]} Nc6
{[%clk 1:31:19]} 3. Bc4 {[%clk 1:31:03]} Bc5 {[%clk 1:31:42]} 4. Nc3
{[%clk 1:31:29]} Nf6 {[%clk 1:30:49]} 5. d3 {[%clk 1:31:43]} a6 {[%clk 1:30:49]}
6. a4 {[%clk 1:30:23]} d6 {[%clk 1:27:58]} 7. Be3 {[%clk 1:28:57]} Bxe3
{[%clk 1:28:02]} 8. fxe3 {[%clk 1:28:51]} Be6 {[%clk 1:28:27]} 9. Nd2
{[%clk 1:24:15]} O-O {[%clk 1:15:48]} 10. O-O {[%clk 1:23:50]} Ne7
{[%clk 1:13:36]} 11. a5 {[%clk 1:10:13]} Ng6 {[%clk 1:11:32]} 12. Qf3
{[%clk 1:03:57]} Qe7 {[%clk 1:08:57]} 13. d4 {[%clk 0:47:21]} c6 {[%clk 0:53:10]}
14. Bxe6 {[%clk 0:46:49]} fxe6 {[%clk 0:52:52]} 15. Qg3 {[%clk 0:44:22]} exd4
{[%clk 0:50:03]} 16. exd4 {[%clk 0:44:43]} e5 {[%clk 0:50:09]} 17. dxe5
{[%clk 0:42:02]} dxe5 {[%clk 0:43:18]} 18. h3 {[%clk 0:35:03]} Nh5
{[%clk 0:28:48]} 19. Qe3 {[%clk 0:31:47]} Nhf4 {[%clk 0:28:51]} 20. Nf3
{[%clk 0:31:42]} h6 {[%clk 0:20:17]} 21. Rad1 {[%clk 0:28:52]} Qe6
{[%clk 0:18:14]} 22. Rd2 {[%clk 0:21:54]} Rf6 {[%clk 0:13:46]} 23. Na4 Qe7
{[%clk 0:05:00]} 24. Nc5 {[%clk 0:12:35]} Ne6 {[%clk 0:04:10]} 25. Nxe6
{[%clk 0:10:24]} Qxe6 {[%clk 0:04:14]} 26. Qb3 {[%clk 0:10:27]} Qxb3
{[%clk 0:02:36]} 27. cxb3 {[%clk 0:10:48]} Rf4 {[%clk 0:01:52]} 28. Rd6
{[%clk 0:10:42]} Kh7 {[%clk 0:00:34]} 29. Rxg6 {[%clk 0:10:36]} Rxf3
{[%clk 0:01:01]} 30. Rxg7+ {[%clk 0:10:59]} Kxg7 {[%clk 0:01:31]} 31. Rxf3
{[%clk 0:11:14]} Rd8 {[%clk 0:02:00]} 32. Rc3 {[%clk 0:09:40]} Rd1+
{[%clk 0:01:35]} 33. Kh2 {[%clk 0:09:30]} Ra1 {[%clk 0:00:46]} 34. Rd3
{[%clk 0:09:44]} Rxa5 {[%clk 0:00:50]} 35. Rd7+ {[%clk 0:10:10]} Kf6
{[%clk 0:01:18]} 36. Rxb7 {[%clk 0:10:35]} Ra2 {[%clk 0:01:13]} 37. Rb6
{[%clk 0:10:33]} Rxb2 {[%clk 0:01:41]} 38. Kg3 {[%clk 0:10:57]} a5
{[%clk 0:00:51]} 39. Rxc6+ {[%clk 0:11:16]} Kg7 {[%clk 0:00:37]} 40. Re6
{[%clk 0:09:00]} Rxb3+ {[%clk 0:00:54]} 41. Kg4 {[%clk 0:09:29]} Rb2
{[%clk 0:00:38]} 42. g3 {[%clk 0:09:21]} Rb5 {[%clk 0:00:57]} 43. Ra6
{[%clk 0:09:35]} Rb4 {[%clk 0:00:40]} 44. Kf5 {[%clk 0:10:02]} Rb3
{[%clk 0:01:10]} 45. Ra7+ {[%clk 0:10:16]} Kf8 {[%clk 0:00:40]} 46. g4
{[%clk 0:10:11]} Rxh3 {[%clk 0:00:57]} 47. Rxa5 {[%clk 0:10:30]} Rg3
{[%clk 0:00:33]} 48. Rxe5 {[%clk 0:10:42]} Kf7 {[%clk 0:01:01]} 49. Kf4
{[%clk 0:10:14]} Rg1 {[%clk 0:01:15]} 50. Rf5+ {[%clk 0:10:11]} Kg6
{[%clk 0:00:51]} 51. e5 {[%clk 0:10:16]} Rf1+ {[%clk 0:00:59]} 52. Ke4
{[%clk 0:10:41]} Rg1 {[%clk 0:01:27]} 53. e6 {[%clk 0:07:18]} Rxg4+
{[%clk 0:01:56]} 54. Ke5 {[%clk 0:07:45]} Rg1 {[%clk 0:02:22]} 55. Rf6+
{[%clk 0:08:10]} Kg5 {[%clk 0:02:23]} 56. Rf5+ {[%clk 0:08:37]} Kg6
{[%clk 0:02:51]} 57. Rf6+ {[%clk 0:09:03]} Kg5 {[%clk 0:03:20]} 58. Rf5+
{[%clk 0:09:29]} 1/2-1/2